| 000 | 00403 a2200121 4500 | ||
|---|---|---|---|
| 001 | ART_2299 | ||
| 005 | 20260410161724.0 | ||
| 008 | 260409a | ||
| 245 | 1 | 0 | _aHacia un mercado bursátil para las pequeñas y medianas empresas |
| 100 | 1 | _aJelonche, Edgar I. | |
| 700 | 1 | _aSchamann de Crego, Elvira | |
| 773 | 0 |
_tAdministración de empresas _g- Año XVI, Nº 192 (mar. 1986) _wREV2036 |
|
| 999 |
_c17268 _d17268 |
||